| 000 | 01749ngm a2200385 4500 | ||
|---|---|---|---|
| 003 | dpl | ||
| 005 | 20081216120548.0 | ||
| 007 | DVD | ||
| 008 | ||||||sp199 xxu|||||c ||| 00| 0 ng d | ||
| 010 | _aDVD-001521-1523 | ||
| 024 |
_aDHIF0581S _c39.00 |
||
| 035 | _aDVD-001521-1523 | ||
| 040 |
_aDPL _cDPL |
||
| 082 | _aDVD / RAJA | ||
| 245 |
_aRaja Hindustani _cTips Films Pvt. Ltd. Presents _h[videorecording] DVD/ |
||
| 246 | _a. | ||
| 260 | _bMoserbaer Entertainment | ||
| 300 |
_a1 videodisc DVD; _bsd., col. ; _c4 3/4 in. _fDVD |
||
| 440 | _aMoserbaer Home Entertainment | ||
| 500 | _aMoserbaer India Ltd. has obtained the necessary licence/conssent from the owner of the copyright in the wroks for making this DVD Film. | ||
| 538 | _aDolby Digital 5.1 - Hindi Subtitles: English | ||
| 538 | _aThis DVD can be played back on DVD Players, multimedia systems & PC with MPEG card interactive with version 2.0 players. | ||
| 650 | _aMotion Picture | ||
| 700 | _aMorani, Karim | ||
| 700 | _aMorani, Aly | ||
| 700 | _aSoorma, Bunty | ||
| 700 | _aAamir Khan | ||
| 700 | _aKapoor, Karishma | ||
| 700 | _aLever, Johnny | ||
| 942 |
_cCF _2ddc _hDVD _mRAJA |
||
| 999 |
_c19907 _d19907 |
||